[Event "Winnipeg TNT April op"]
[Site "Winnipeg CAN"]
[Date "2008.04.08"]
[Round "2"]
[White "Green, Jim"]
[Black "Kong, Dezheng"]
[Result "1-0"]
[WhiteElo "1667"]
[BlackElo "1814"]
[PlyCount "93"]
[GameId "2160767910557504"]
[EventDate "2008.01.04"]
[EventType "swiss"]
[EventRounds "5"]
[EventCountry "CAN"]
[SourceTitle "EXT 2011"]
[Source "ChessBase"]
[SourceDate "2011.11.26"]
[SourceVersion "1"]
[SourceVersionDate "2011.11.26"]
[SourceQuality "1"]

1. e4 c5 2. Nf3 d6 3. Bb5+ Bd7 4. Bxd7+ Qxd7 5. O-O Nf6 6. Qe2 Nc6 7. Rd1 e6 8. d4 cxd4 9. Nxd4 Nxd4 10. Rxd4 Qc6 11. Nc3 Be7 12. Rc4 Qd7 13. Nb5 Bd8 14. Rd4 Be7 15. Bf4 O-O 16. Bxd6 Bxd6 17. Rxd6 Qe7 18. Rad1 a6 19. Nc3 Rfd8 20. Qd3 Rxd6 21. Qxd6 Kf8 22. f3 Ne8 23. Qxe7+ Kxe7 24. e5 Rc8 25. Rd2 Rc5 26. f4 Rc4 27. Ne2 Nc7 28. b3 Re4 29. g3 h6 30. Kf2 Rb4 31. a3 Rb6 32. Nc3 Rc6 33. Ne4 Nb5 34. a4 Nc3 35. Nxc3 Rxc3 36. Ke2 Rc5 37. c4 g5 38. Kd3 g4 39. b4 Rc7 40. c5 a5 41. Rb2 axb4 42. Rxb4 Kd7 43. Kc4 Kc8 44. Rb6 Rc6 45. Kb5 Rc7 46. c6 Kb8 47. Rxb7+ 1-0

[Event "Winnipeg TNT April op"]
[Site "Winnipeg CAN"]
[Date "2008.04.08"]
[Round "2"]
[White "Green, Leah"]
[Black "Wierda, John"]
[Result "0-1"]
[WhiteElo "1163"]
[BlackElo "1707"]
[PlyCount "86"]
[GameId "2160767910557505"]
[EventDate "2008.01.04"]
[EventType "swiss"]
[EventRounds "5"]
[EventCountry "CAN"]
[SourceTitle "EXT 2011"]
[Source "ChessBase"]
[SourceDate "2011.11.26"]
[SourceVersion "1"]
[SourceVersionDate "2011.11.26"]
[SourceQuality "1"]

1. e4 e6 2. Nf3 Nf6 3. Nc3 d5 4. d3 dxe4 5. dxe4 Qxd1+ 6. Kxd1 Bc5 7. Ke1 Ng4 8. Nb5 Bxf2+ 9. Ke2 Bb6 10. Bf4 Na6 11. a4 Bd7 12. c4 O-O 13. Ne5 Nxe5 14. Bxe5 c6 15. Nc3 Rad8 16. Ke1 Ba5 17. Be2 Nc5 18. Bf3 Nd3+ 19. Ke2 Nxe5 20. Rhd1 Nxc4 21. Rab1 c5 22. b3 Ne5 23. Nb5 Bxb5+ 24. axb5 Rxd1 25. Rxd1 Nxf3 26. gxf3 Rd8 27. Rxd8+ Bxd8 28. Kd3 g5 29. Kc4 b6 30. h3 Kg7 31. Kd3 Kg6 32. Ke3 Kh5 33. Kf2 Kh4 34. Kg2 h5 35. Kh2 Bc7+ 36. Kg2 f5 37. exf5 exf5 38. Kg1 Kxh3 39. Kf1 g4 40. fxg4 hxg4 41. Kg1 g3 42. Kh1 g2+ 43. Kg1 Bh2+ 0-1

[Event "Winnipeg TNT April op"]
[Site "Winnipeg CAN"]
[Date "2008.04.08"]
[Round "2"]
[White "Greenberg, Harley"]
[Black "Kernetsky, Myron"]
[Result "0-1"]
[WhiteElo "1720"]
[BlackElo "1902"]
[PlyCount "62"]
[GameId "2160767910557506"]
[EventDate "2008.01.04"]
[EventType "swiss"]
[EventRounds "5"]
[EventCountry "CAN"]
[SourceTitle "EXT 2011"]
[Source "ChessBase"]
[SourceDate "2011.11.26"]
[SourceVersion "1"]
[SourceVersionDate "2011.11.26"]
[SourceQuality "1"]

1. e4 e6 2. d4 d5 3. Nc3 Nf6 4. e5 Nfd7 5. f4 c5 6. Nf3 Nc6 7. Nb5 a6 8. Nd6+ Bxd6 9. exd6 Nf6 10. dxc5 Qa5+ 11. Bd2 Qxc5 12. Qe2 Qxd6 13. O-O-O b5 14. g3 b4 15. Kb1 O-O 16. h4 a5 17. Ng5 Ba6 18. Qf2 a4 19. Bxa6 Rxa6 20. Qe2 Rb6 21. Qd3 Rd8 22. g4 Rb7 23. Be3 Qc7 24. h5 h6 25. Nf3 Nxg4 26. f5 Nce5 27. Qe2 Nxe3 28. Qxe3 Nxf3 29. Qxf3 Qe5 30. c3 bxc3 31. Ka1 c2 0-1

[Event "Winnipeg TNT April op"]
[Site "Winnipeg CAN"]
[Date "2008.04.08"]
[Round "2"]
[White "Klusa, Mark"]
[Black "Green, Aaron"]
[Result "0-1"]
[WhiteElo "1384"]
[BlackElo "1644"]
[PlyCount "71"]
[GameId "2160767910557507"]
[EventDate "2008.01.04"]
[EventType "swiss"]
[EventRounds "5"]
[EventCountry "CAN"]
[SourceTitle "EXT 2011"]
[Source "ChessBase"]
[SourceDate "2011.11.26"]
[SourceVersion "1"]
[SourceVersionDate "2011.11.26"]
[SourceQuality "1"]

1. e4 c5 2. Nf3 d6 3. Nc3 Nf6 4. d4 cxd4 5. Nxd4 g6 6. Bb5+ Bd7 7. O-O Bxb5 8. Ncxb5 a6 9. Nc3 Bg7 10. Be3 Nc6 11. Qf3 Ne5 12. Qe2 Rc8 13. Nf3 Nc4 14. Bc1 Nd7 15. Qd3 b5 16. b4 O-O 17. Rb1 f5 18. Qd5+ Kh8 19. Ne2 Nf6 20. Qd1 Nxe4 21. Nd2 Nc3 22. Nxc3 Bxc3 23. Nxc4 Rxc4 24. Bb2 e5 25. Bxc3 Rxc3 26. Qd2 Qc7 27. Rbc1 Rc8 28. h3 Kg7 29. f4 Qb6+ 30. Kh2 e4 31. Rfd1 R8c6 32. Re1 R6c4 33. Re2 Qc6 34. Re3 d5 35. Rxc3 Rxc3 36. Qd4+ 0-1

[Event "Winnipeg TNT April op"]
[Site "Winnipeg CAN"]
[Date "2008.04.08"]
[Round "2"]
[White "Martens, James"]
[Black "Evans, Brian"]
[Result "0-1"]
[WhiteElo "1138"]
[BlackElo "1580"]
[PlyCount "56"]
[GameId "2160767910557508"]
[EventDate "2008.01.04"]
[EventType "swiss"]
[EventRounds "5"]
[EventCountry "CAN"]
[SourceTitle "EXT 2011"]
[Source "ChessBase"]
[SourceDate "2011.11.26"]
[SourceVersion "1"]
[SourceVersionDate "2011.11.26"]
[SourceQuality "1"]

1. Nf3 Nf6 2. Nc3 d5 3. b3 e6 4. e3 a6 5. Qe2 Bb4 6. Bb2 Nc6 7. a3 Be7 8. Qd3 e5 9. Ng5 h6 10. b4 hxg5 11. b5 e4 12. Qe2 Ne5 13. bxa6 bxa6 14. a4 Bg4 15. Nxd5 Bxe2 16. Nxf6+ Bxf6 17. Bxe2 Nf3+ 18. gxf3 Bxb2 19. Ra2 Be5 20. f4 gxf4 21. exf4 Bxf4 22. Rb2 Qxd2+ 23. Kf1 Qc1+ 24. Kg2 Qxb2 25. Rd1 Rxh2+ 26. Kg1 Qf6 27. Kf1 Qh4 28. Rd4 Qxf2# 0-1

[Event "Winnipeg TNT April op"]
[Site "Winnipeg CAN"]
[Date "2008.04.08"]
[Round "2"]
[White "Mundwiler, Les"]
[Black "Rumpel, Chris"]
[Result "1-0"]
[WhiteElo "2030"]
[BlackElo "1754"]
[PlyCount "69"]
[GameId "2160767910557509"]
[EventDate "2008.01.04"]
[EventType "swiss"]
[EventRounds "5"]
[EventCountry "CAN"]
[SourceTitle "EXT 2011"]
[Source "ChessBase"]
[SourceDate "2011.11.26"]
[SourceVersion "1"]
[SourceVersionDate "2011.11.26"]
[SourceQuality "1"]

1. d4 d5 2. c4 e6 3. Nc3 Nf6 4. Bg5 Be7 5. e3 O-O 6. Qc2 c6 7. Nf3 Nbd7 8. cxd5 exd5 9. Bd3 h6 10. Bh4 Re8 11. h3 Ne4 12. Bxe7 Qxe7 13. Bxe4 dxe4 14. Nd2 Nf6 15. g4 b6 16. Rg1 Ba6 17. Qa4 Qb7 18. g5 b5 19. Qb3 hxg5 20. Rxg5 b4 21. Na4 Nd7 22. O-O-O Kf8 23. Rdg1 g6 24. R1g4 Bd3 25. Rf4 Re7 26. Rxg6 Qb5 27. h4 Qd5 28. Rg5 Qxb3 29. Nxb3 Bb5 30. Nac5 Bc4 31. Nxd7+ Rxd7 32. Nc5 Rd5 33. b3 Rxg5 34. hxg5 Bd5 35. Nxe4 1-0

[Event "Winnipeg TNT April op"]
[Site "Winnipeg CAN"]
[Date "2008.04.08"]
[Round "2"]
[White "Rutter, Blair"]
[Black "Letain, Cory"]
[Result "1-0"]
[WhiteElo "1831"]
[BlackElo "1428"]
[PlyCount "69"]
[GameId "2160767910557510"]
[EventDate "2008.01.04"]
[EventType "swiss"]
[EventRounds "5"]
[EventCountry "CAN"]
[SourceTitle "EXT 2011"]
[Source "ChessBase"]
[SourceDate "2011.11.26"]
[SourceVersion "1"]
[SourceVersionDate "2011.11.26"]
[SourceQuality "1"]

1. c4 e5 2. g3 Nf6 3. Bg2 c5 4. Nc3 Be7 5. e4 O-O 6. Nge2 Nc6 7. O-O d6 8. h3 Bd7 9. d3 Re8 10. Be3 Qc8 11. Kh2 Nd8 12. Qd2 Ne6 13. f4 exf4 14. Nxf4 Nxf4 15. Rxf4 Nh5 16. Rf3 f5 17. exf5 Bxf5 18. Raf1 Bd7 19. Nd5 Nf6 20. R3f2 Bc6 21. Nxe7+ Rxe7 22. Bg5 Bxg2 23. Kxg2 Qc6+ 24. Kh2 Rae8 25. Bxf6 gxf6 26. Qf4 d5 27. cxd5 Qxd5 28. Qxf6 Re2 29. Qf4 Qxd3 30. Qf7+ Kh8 31. Qf6+ Kg8 32. Qg5+ Kh8 33. Qxc5 Rxf2+ 34. Rxf2 Re2 35. Qf8# 1-0

[Event "Winnipeg TNT April op"]
[Site "Winnipeg CAN"]
[Date "2008.04.08"]
[Round "2"]
[White "Silva, T Romero"]
[Black "Lauritson, Jim"]
[Result "1/2-1/2"]
[WhiteElo "1773"]
[BlackElo "1997"]
[PlyCount "108"]
[GameId "2160767910557511"]
[EventDate "2008.01.04"]
[EventType "swiss"]
[EventRounds "5"]
[EventCountry "CAN"]
[SourceTitle "EXT 2011"]
[Source "ChessBase"]
[SourceDate "2011.11.26"]
[SourceVersion "1"]
[SourceVersionDate "2011.11.26"]
[SourceQuality "1"]

1. d4 Nf6 2. c4 e6 3. Nf3 b6 4. Bg5 Bb7 5. e3 Be7 6. Be2 Ne4 7. Bxe7 Qxe7 8. O-O d6 9. Nbd2 f5 10. Rc1 Nd7 11. a3 a5 12. d5 O-O 13. Nxe4 fxe4 14. Nd2 Nf6 15. Qc2 exd5 16. cxd5 Rfc8 17. Bc4 Kh8 18. b4 axb4 19. axb4 Nxd5 20. Qb3 Nf6 21. Be6 Re8 22. Bh3 Bc8 23. Bxc8 Raxc8 24. Rc6 Qd8 25. b5 Nd7 26. Qd5 Nc5 27. Nb3 Nxb3 28. Qxb3 Qd7 29. Qc2 d5 30. f4 Qe7 31. Rc1 Qb4 32. Rb1 Qa3 33. Rc3 Qa7 34. g3 h6 35. Qd2 Red8 36. Qd4 Qa2 37. Rbc1 Rd7 38. Rc6 Kh7 39. Qe5 Qe2 40. Qf5+ Kh8 41. R1c3 Rdd8 42. Qe5 Kh7 43. Qf5+ Kh8 44. Qf7 Ra8 45. Rxh6+ gxh6 46. Qf6+ Kg8 47. Qg6+ Kf8 48. Qxh6+ Kg8 49. Qg6+ Kf8 50. Qf6+ Ke8 51. Qe6+ Kf8 52. Qf6+ Kg8 53. Qg6+ Kf8 54. Qh6+ Kg8 1/2-1/2

[Event "Winnipeg TNT April op"]
[Site "Winnipeg CAN"]
[Date "2008.04.08"]
[Round "2"]
[White "Wasserman, Arie"]
[Black "Martens, Peter"]
[Result "1-0"]
[WhiteElo "1622"]
[BlackElo "1181"]
[PlyCount "177"]
[GameId "2160767910557512"]
[EventDate "2008.01.04"]
[EventType "swiss"]
[EventRounds "5"]
[EventCountry "CAN"]
[SourceTitle "EXT 2011"]
[Source "ChessBase"]
[SourceDate "2011.11.26"]
[SourceVersion "1"]
[SourceVersionDate "2011.11.26"]
[SourceQuality "1"]

1. e4 e5 2. Nf3 Nc6 3. Bc4 Nf6 4. Nc3 Bb4 5. a3 Bxc3 6. dxc3 O-O 7. Bg5 h6 8. Bh4 a6 9. O-O Qe7 10. h3 Qc5 11. Bd3 d6 12. Bxf6 gxf6 13. Nh4 Ne7 14. Qf3 Kg7 15. Nf5+ Bxf5 16. exf5 a5 17. Rfe1 Qb6 18. Rab1 Rg8 19. c4 Kh7 20. Qh5 Rg7 21. Re4 Rag8 22. Bf1 Qc6 23. f3 Qc5+ 24. Kh1 Qf2 25. Rh4 Qd2 26. f4 Nxf5 27. Qxf5+ Rg6 28. fxe5 dxe5 29. Rg4 c6 30. Bd3 Qe3 31. Qd7 R8g7 32. Bxg6+ fxg6 33. Qd3 Qc5 34. Rf1 f5 35. Rg3 e4 36. Qc3 Qd6 37. Re3 b6 38. Ree1 h5 39. Rd1 Qc7 40. Rd2 f4 41. Rd4 Qe5 42. Rfd1 f3 43. gxf3 exf3 44. Qxf3 c5 45. c3 cxd4 46. cxd4 Qf5 47. Qxf5 gxf5 48. Rg1 Rc7 49. b3 a4 50. bxa4 Rxc4 51. Rd1 Rxa4 52. Rd3 Kg6 53. Kg2 f4 54. Kf3 Kf5 55. d5 b5 56. d6 Ra8 57. d7 Rd8 58. Rd5+ Ke6 59. Rxb5 Rxd7 60. Kxf4 Kf6 61. Rb3 Rd4+ 62. Ke3 Rh4 63. Kf2 Kg5 64. Kg3 Re4 65. Kg2 h4 66. Rb2 Re3 67. Ra2 Kf4 68. a4 Rg3+ 69. Kh2 Ke5 70. a5 Rg8 71. a6 Ra8 72. a7 Kd6 73. Kg2 Kc7 74. Kf3 Kb7 75. Kg4 Rxa7 76. Rxa7+ Kxa7 77. Kxh4 Kb7 78. Kg5 Kc7 79. Kg6 Kd7 80. h4 Ke7 81. Kg7 Ke6 82. h5 Kf5 83. h6 Kg5 84. h7 Kf5 85. h8=Q Kg5 86. Qh6+ Kf5 87. Qf6+ Ke4 88. Qg5 Kd4 89. Kf6 1-0

[Event "Winnipeg TNT April op"]
[Site "Winnipeg CAN"]
[Date "2008.04.15"]
[Round "3"]
[White "Evans, Brian"]
[Black "Greenberg, Harley"]
[Result "1-0"]
[WhiteElo "1580"]
[BlackElo "1720"]
[PlyCount "51"]
[GameId "2160767910557514"]
[EventDate "2008.01.04"]
[EventType "swiss"]
[EventRounds "5"]
[EventCountry "CAN"]
[SourceTitle "EXT 2011"]
[Source "ChessBase"]
[SourceDate "2011.11.26"]
[SourceVersion "1"]
[SourceVersionDate "2011.11.26"]
[SourceQuality "1"]

1. e4 c5 2. Nf3 Nc6 3. d4 cxd4 4. Nxd4 Nf6 5. Nc3 e5 6. Nb3 Bb4 7. f3 a6 8. Bd2 Bxc3 9. Bxc3 d5 10. exd5 Nxd5 11. Qd2 O-O 12. O-O-O Nxc3 13. Qxc3 Qc7 14. Bc4 Bf5 15. Bd5 Rac8 16. Rd2 Qe7 17. Qc5 Qxc5 18. Nxc5 Nb4 19. Ne4 Rfd8 20. Rhd1 Nxd5 21. Rxd5 Rxd5 22. Rxd5 Be6 23. Rxe5 Bxa2 24. Nd6 Rd8 25. b3 f6 26. Re8+ 1-0

[Event "Winnipeg TNT April op"]
[Site "Winnipeg CAN"]
[Date "2008.04.15"]
[Round "3"]
[White "Green, Aaron"]
[Black "Gibson, Kris"]
[Result "1/2-1/2"]
[WhiteElo "1644"]
[BlackElo "1852"]
[PlyCount "127"]
[GameId "2160767910557515"]
[EventDate "2008.01.04"]
[EventType "swiss"]
[EventRounds "5"]
[EventCountry "CAN"]
[SourceTitle "EXT 2011"]
[Source "ChessBase"]
[SourceDate "2011.11.26"]
[SourceVersion "1"]
[SourceVersionDate "2011.11.26"]
[SourceQuality "1"]

1. e4 c5 2. Nf3 e6 3. d4 cxd4 4. Nxd4 Nf6 5. Nc3 Bb4 6. Bg5 Bxc3+ 7. bxc3 Qa5 8. Bxf6 Qxc3+ 9. Ke2 gxf6 10. Nb5 Qe5 11. Ke3 d5 12. f3 a6 13. Nd4 f5 14. Qd3 fxe4 15. fxe4 f5 16. Be2 f4+ 17. Kf2 dxe4 18. Qc4 e3+ 19. Ke1 Nc6 20. c3 Nxd4 21. cxd4 Qa5+ 22. Kf1 Qg5 23. Rc1 Qh4 24. g3 fxg3 25. Qxc8+ Rxc8 26. Rxc8+ Kd7 27. Rxh8 gxh2 28. Rf8 Qh3+ 29. Ke1 Qg2 30. Rf7+ Kd6 31. Rff1 Qe4 32. Rxh2 Qxd4 33. Rfh1 Qb4+ 34. Kf1 Qb1+ 35. Kg2 Qxa2 36. Rd1+ Kc5 37. Kf1 Kb6 38. Rd6+ Ka7 39. Rd7 Qb1+ 40. Rd1 Qf5+ 41. Ke1 Qf4 42. Rg2 h5 43. Rd7 Qb4+ 44. Kf1 Qb1+ 45. Rd1 Qf5+ 46. Ke1 h4 47. Bg4 Qf4 48. Ke2 h3 49. Bxh3 Qc4+ 50. Kxe3 Qb3+ 51. Rd3 Qc4 52. Rg4 Qc5+ 53. Kf3 b5 54. Rg7+ Kb6 55. Bxe6 Qh5+ 56. Bg4 Qh1+ 57. Kf4 Qh4 58. Rg6+ Kc5 59. Rxa6 b4 60. Rd1 b3 61. Rc1+ Kb5 62. Ra3 Kb4 63. Rxb3+ Kxb3 64. Rc8 1/2-1/2

[Event "Winnipeg TNT April op"]
[Site "Winnipeg CAN"]
[Date "2008.04.15"]
[Round "3"]
[White "Green, Jim"]
[Black "Liu, Weixi"]
[Result "0-1"]
[WhiteElo "1667"]
[BlackElo "1953"]
[PlyCount "77"]
[GameId "2160767910557516"]
[EventDate "2008.01.04"]
[EventType "swiss"]
[EventRounds "5"]
[EventCountry "CAN"]
[SourceTitle "EXT 2011"]
[Source "ChessBase"]
[SourceDate "2011.11.26"]
[SourceVersion "1"]
[SourceVersionDate "2011.11.26"]
[SourceQuality "1"]

1. e4 e6 2. d3 d5 3. Nd2 c5 4. Ngf3 Nc6 5. g3 Qc7 6. Bg2 d4 7. O-O Nge7 8. Nc4 Ng6 9. a4 e5 10. Ne1 Be6 11. f4 exf4 12. Bxf4 Nxf4 13. Rxf4 Bxc4 14. dxc4 Bd6 15. Rf2 Ne5 16. b3 O-O-O 17. Nd3 Nxd3 18. cxd3 h5 19. Bh3+ Kb8 20. Qf3 Rdf8 21. Raf1 g5 22. Bf5 g4 23. Qe2 a6 24. Re1 Be5 25. Rg2 Rfg8 26. Rf1 Rg7 27. Kf2 h4 28. Ke1 hxg3 29. hxg3 Bxg3+ 30. Kd1 Bf4 31. Bxg4 Be3 32. Bf3 Rgh7 33. Rfg1 Bxg1 34. Rxg1 Qb6 35. Kc2 Qb4 36. Kb2 Rh2 37. Rg2 Qc3+ 38. Ka3 Rh1 39. Rg8+ 0-1

[Event "Winnipeg TNT April op"]
[Site "Winnipeg CAN"]
[Date "2008.04.15"]
[Round "3"]
[White "Kernetsky, Myron"]
[Black "Mundwiler, Les"]
[Result "0-1"]
[WhiteElo "1902"]
[BlackElo "2030"]
[PlyCount "96"]
[GameId "2160767910557518"]
[EventDate "2008.01.04"]
[EventType "swiss"]
[EventRounds "5"]
[EventCountry "CAN"]
[SourceTitle "EXT 2011"]
[Source "ChessBase"]
[SourceDate "2011.11.26"]
[SourceVersion "1"]
[SourceVersionDate "2011.11.26"]
[SourceQuality "1"]

1. d4 Nf6 2. c4 e6 3. Nf3 c5 4. d5 exd5 5. cxd5 d6 6. Nc3 g6 7. e4 Bg7 8. Be2 O-O 9. O-O Re8 10. Nd2 Na6 11. f3 Nc7 12. a4 b6 13. Nc4 Ba6 14. Bg5 h6 15. Be3 Bxc4 16. Bxc4 a6 17. Qd3 Re7 18. Rfe1 Qe8 19. Bf4 Qd8 20. Qd2 Kh7 21. e5 Nfe8 22. exd6 Rxe1+ 23. Rxe1 Nxd6 24. Bxd6 Bd4+ 25. Kh1 Qxd6 26. Ne4 Qd8 27. d6 Ne8 28. Bxf7 Nxd6 29. Nxd6 Qxd6 30. Bc4 b5 31. axb5 axb5 32. Bxb5 Ra2 33. Rb1 Qe6 34. g3 Qf5 35. Qd3 Qf6 36. Bc4 Ra7 37. b3 Re7 38. Bd5 Re3 39. Qb5 h5 40. Qb7+ Kh6 41. Be4 h4 42. gxh4 Re2 43. Qc6 Qxc6 44. Bxc6 Kh5 45. Bd7 Kxh4 46. Bg4 g5 47. Bf5 Be5 48. h3 Bd4 0-1

[Event "Winnipeg TNT April op"]
[Site "Winnipeg CAN"]
[Date "2008.04.15"]
[Round "3"]
[White "Klusa, Lawrence"]
[Black "Green, Leah"]
[Result "1-0"]
[WhiteElo "1291"]
[BlackElo "1163"]
[PlyCount "57"]
[GameId "2160767910557519"]
[EventDate "2008.01.04"]
[EventType "swiss"]
[EventRounds "5"]
[EventCountry "CAN"]
[SourceTitle "EXT 2011"]
[Source "ChessBase"]
[SourceDate "2011.11.26"]
[SourceVersion "1"]
[SourceVersionDate "2011.11.26"]
[SourceQuality "1"]

1. d4 Nc6 2. g3 e5 3. d5 Nb8 4. Bg2 d6 5. e4 Nf6 6. Nc3 Bg4 7. f3 Bd7 8. Bg5 Be7 9. Nge2 c6 10. Qd2 Na6 11. O-O-O Qc7 12. a3 O-O-O 13. dxc6 Bxc6 14. Bxf6 Bxf6 15. Nd5 Bxd5 16. Qxd5 Rhf8 17. Nc3 Qc5 18. Qb3 Qf2 19. Bf1 Nc5 20. Bh3+ Kb8 21. Qb4 Qxf3 22. Rhe1 Qh5 23. Bf1 Qxh2 24. Na4 Be7 25. Nxc5 dxc5 26. Qb3 f6 27. Ba6 b6 28. Qe6 Rde8 29. Qd7 1-0

[Event "Winnipeg TNT April op"]
[Site "Winnipeg CAN"]
[Date "2008.04.15"]
[Round "3"]
[White "Kong, Dezheng"]
[Black "Wasserman, Arie"]
[Result "1/2-1/2"]
[WhiteElo "1814"]
[BlackElo "1622"]
[PlyCount "74"]
[GameId "2160767910557520"]
[EventDate "2008.01.04"]
[EventType "swiss"]
[EventRounds "5"]
[EventCountry "CAN"]
[SourceTitle "EXT 2011"]
[Source "ChessBase"]
[SourceDate "2011.11.26"]
[SourceVersion "1"]
[SourceVersionDate "2011.11.26"]
[SourceQuality "1"]

1. d4 d5 2. c4 c6 3. Nc3 Nf6 4. Nf3 Bg4 5. e3 e6 6. Bd3 Bb4 7. a3 Bxc3+ 8. bxc3 Ne4 9. Bb2 Nd7 10. O-O Ng5 11. Be2 Nxf3+ 12. Bxf3 Bxf3 13. Qxf3 dxc4 14. a4 O-O 15. Ba3 Re8 16. Rab1 Rb8 17. Bd6 Rc8 18. Rxb7 Nf6 19. Bc5 Rc7 20. Rfb1 Rxb7 21. Rxb7 Qa5 22. e4 Qxa4 23. Rxa7 Qb5 24. Bb4 Qb6 25. Ra1 h6 26. g3 Qb7 27. Qe2 Ra8 28. Rxa8+ Qxa8 29. e5 Qa1+ 30. Kg2 Nd5 31. Qxc4 Qb1 32. Ba3 Qe4+ 33. Kg1 Qb1+ 34. Qf1 Qa2 35. Bb4 Qb2 36. Qc4 Qb1+ 37. Qf1 Qb2 1/2-1/2

[Event "Winnipeg TNT April op"]
[Site "Winnipeg CAN"]
[Date "2008.04.15"]
[Round "3"]
[White "Lauritson, Jim"]
[Black "Wierda, John"]
[Result "0-1"]
[WhiteElo "1997"]
[BlackElo "1707"]
[PlyCount "66"]
[GameId "2160767910557521"]
[EventDate "2008.01.04"]
[EventType "swiss"]
[EventRounds "5"]
[EventCountry "CAN"]
[SourceTitle "EXT 2011"]
[Source "ChessBase"]
[SourceDate "2011.11.26"]
[SourceVersion "1"]
[SourceVersionDate "2011.11.26"]
[SourceQuality "1"]

1. d4 Nf6 2. c4 c5 3. d5 d6 4. Nc3 g6 5. e4 Bg7 6. Bd3 O-O 7. Nge2 Na6 8. f3 Nb4 9. Be3 Nxd3+ 10. Qxd3 a6 11. a4 Nd7 12. Qd2 Qb6 13. f4 Qb3 14. Ra3 Qxc4 15. O-O Qb4 16. a5 b6 17. Ra4 Qb3 18. e5 bxa5 19. exd6 exd6 20. f5 Nb6 21. Ra3 Qb4 22. f6 Nc4 23. Qc1 Bh8 24. Ra4 Qb3 25. Ng3 Re8 26. Bh6 Bd7 27. Ra2 Rab8 28. Rf2 Ne5 29. Ra3 Qb6 30. Na4 Bxa4 31. Rxa4 Nd3 32. Qd2 Nxf2 33. Kxf2 Qxb2 0-1

[Event "Winnipeg TNT April op"]
[Site "Winnipeg CAN"]
[Date "2008.04.15"]
[Round "3"]
[White "Martens, Peter"]
[Black "Klusa, Mark"]
[Result "0-1"]
[WhiteElo "1181"]
[BlackElo "1384"]
[PlyCount "86"]
[GameId "2160767910557522"]
[EventDate "2008.01.04"]
[EventType "swiss"]
[EventRounds "5"]
[EventCountry "CAN"]
[SourceTitle "EXT 2011"]
[Source "ChessBase"]
[SourceDate "2011.11.26"]
[SourceVersion "1"]
[SourceVersionDate "2011.11.26"]
[SourceQuality "1"]

1. e4 d6 2. d4 g6 3. Nf3 Bg7 4. Nc3 Bg4 5. Be3 Nc6 6. Be2 e5 7. d5 Nd4 8. Nxd4 exd4 9. Bxd4 Bxe2 10. Nxe2 Bxd4 11. Nxd4 Nf6 12. f3 Qe7 13. Qd2 Nd7 14. Qb4 O-O-O 15. Nb5 Nb6 16. Nxa7+ Kb8 17. Nb5 Nxd5 18. Qd4 Nb6 19. O-O-O c5 20. Qe3 Qe5 21. b3 d5 22. Qxc5 Nc8 23. g3 Qa1+ 24. Kd2 dxe4+ 25. Ke3 Rxd1 26. Qc7+ Ka8 27. Rxd1 Qxd1 28. fxe4 Qe1+ 29. Kf4 Qf1+ 30. Kg4 Qxb5 31. Qxf7 h5+ 32. Kf3 Qf1+ 33. Ke3 Qxf7 34. a4 Rd8 35. c4 Qf6 36. h4 Qc3+ 37. Kf4 Qxb3 38. g4 Qxc4 39. gxh5 gxh5 40. Kg5 Rh8 41. e5 Qg8+ 42. Kf6 Rh6+ 43. Kf5 Qg4# 0-1

[Event "Winnipeg TNT April op"]
[Site "Winnipeg CAN"]
[Date "2008.04.15"]
[Round "3"]
[White "Rumpel, Chris"]
[Black "Wasserman, Leor"]
[Result "1-0"]
[WhiteElo "1754"]
[BlackElo "1464"]
[PlyCount "93"]
[GameId "2160767910557523"]
[EventDate "2008.01.04"]
[EventType "swiss"]
[EventRounds "5"]
[EventCountry "CAN"]
[SourceTitle "EXT 2011"]
[Source "ChessBase"]
[SourceDate "2011.11.26"]
[SourceVersion "1"]
[SourceVersionDate "2011.11.26"]
[SourceQuality "1"]

1. d4 d5 2. c4 c6 3. Nc3 Nf6 4. Nf3 g6 5. Bg5 Bg7 6. Qd2 O-O 7. Bh6 Qb6 8. Bxg7 Kxg7 9. e3 Be6 10. Na4 Qc7 11. Nc5 Bf5 12. cxd5 cxd5 13. Rc1 Qb6 14. Nh4 e6 15. Nxf5+ exf5 16. Bd3 Nbd7 17. O-O Rac8 18. Na4 Qd6 19. Rc3 Ne4 20. Bxe4 fxe4 21. Rfc1 Rxc3 22. Qxc3 Nb6 23. Nxb6 Qxb6 24. b4 Qa6 25. a3 h5 26. Qb3 Qe6 27. Rc5 Rc8 28. h3 Rxc5 29. dxc5 Qe5 30. Qd1 f5 31. Qd4 Qxd4 32. exd4 Kf6 33. Kf1 f4 34. Ke2 Ke6 35. a4 g5 36. b5 g4 37. a5 f3+ 38. gxf3 exf3+ 39. Ke3 Kf5 40. hxg4+ hxg4 41. a6 bxa6 42. b6 a5 43. bxa7 Kg5 44. a8=Q a4 45. Qxd5+ Kh4 46. Qd6 a3 47. Qh6# 1-0

[Event "Winnipeg TNT April op"]
[Site "Winnipeg CAN"]
[Date "2008.04.15"]
[Round "3"]
[White "Silva, T Romero"]
[Black "Rutter, Blair"]
[Result "0-1"]
[WhiteElo "1773"]
[BlackElo "1831"]
[PlyCount "118"]
[GameId "2160767910557524"]
[EventDate "2008.01.04"]
[EventType "swiss"]
[EventRounds "5"]
[EventCountry "CAN"]
[SourceTitle "EXT 2011"]
[Source "ChessBase"]
[SourceDate "2011.11.26"]
[SourceVersion "1"]
[SourceVersionDate "2011.11.26"]
[SourceQuality "1"]

1. d4 e6 2. c4 c5 3. d5 d6 4. Nf3 exd5 5. cxd5 Nf6 6. g3 Be7 7. Bg2 Na6 8. O-O O-O 9. Nc3 Bd7 10. a3 Nc7 11. Re1 b5 12. e4 b4 13. axb4 cxb4 14. Nb1 Bg4 15. Qd4 a5 16. Nbd2 Nb5 17. Qd3 Qd7 18. Nc4 Bd8 19. e5 Bf5 20. Qd1 Ne4 21. Nd4 Nxd4 22. Qxd4 Nc5 23. Qd1 Nd3 24. Rf1 dxe5 25. g4 Bg6 26. h3 e4 27. Ne3 Re8 28. b3 Bc7 29. Qc2 Qd6 30. Rd1 Rac8 31. Qe2 Qh2+ 32. Kf1 Nf4 33. Qb5 Be5 34. d6 Nxg2 35. d7 Qh1+ 36. Ke2 Nf4+ 37. Kd2 Bc3+ 38. Kc2 Bxa1+ 39. Kb1 Rxc1+ 40. Rxc1 Qxc1+ 41. Kxc1 Rd8 42. Qxa5 Bf6 43. Qc7 Kf8 44. Qxf4 Rxd7 45. Qb8+ Rd8 46. Qxb4+ Be7 47. Qb7 h5 48. b4 Bd6 49. Qb6 Ke8 50. b5 f6 51. Qc6+ Rd7 52. b6 hxg4 53. hxg4 Ke7 54. Kb2 Be5+ 55. Kb3 Bf7+ 56. Ka4 g6 57. Ka5 Rd2 58. Qxe4 Ra2+ 59. Kb5 Be8+ 0-1

[Event "Winnipeg TNT April op"]
[Site "Winnipeg CAN"]
[Date "2008.04.15"]
[Round "3"]
[White "Xue, Li"]
[Black "Letain, Cory"]
[Result "1-0"]
[WhiteElo "1697"]
[BlackElo "1428"]
[PlyCount "65"]
[GameId "2160767910557525"]
[EventDate "2008.01.04"]
[EventType "swiss"]
[EventRounds "5"]
[EventCountry "CAN"]
[SourceTitle "EXT 2011"]
[Source "ChessBase"]
[SourceDate "2011.11.26"]
[SourceVersion "1"]
[SourceVersionDate "2011.11.26"]
[SourceQuality "1"]

1. d4 Nf6 2. Bf4 d5 3. c4 e6 4. Nc3 Bb4 5. Bd2 O-O 6. e3 Nc6 7. a3 Bxc3 8. Bxc3 Ne4 9. Qc2 Re8 10. Nf3 Ng5 11. Nd2 e5 12. O-O-O exd4 13. exd4 Ne4 14. Nxe4 dxe4 15. d5 Ne5 16. Qxe4 Ng4 17. Qd4 Qg5+ 18. f4 Qg6 19. Bd3 f5 20. Rhe1 Bd7 21. h3 Nf6 22. g4 Ne4 23. gxf5 Bxf5 24. Rg1 Qf6 25. Qxf6 Nxf6 26. Bxf6 Bxd3 27. Rxg7+ Kf8 28. Rxd3 Re1+ 29. Kc2 Rae8 30. Rxc7 R1e2+ 31. Kb3 Rf2 32. Bg7+ Kg8 33. Rg3 1-0